Conceptual Physical science; (Record no. 5383)

MARC details
000 -LEADER
fixed length control field 00528nam a22001937a 4500
003 - CONTROL NUMBER IDENTIFIER
control field OSt
005 - DATE AND TIME OF LATEST TRANSACTION
control field 20161104131155.0
008 - FIXED-LENGTH DATA ELEMENTS--GENERAL INFORMATION
fixed length control field 161104b xxu||||| |||| 00| 0 eng d
020 ## - INTERNATIONAL STANDARD BOOK NUMBER
International Standard Book Number 9780321545930
040 ## - CATALOGING SOURCE
Transcribing agency DDC.
082 ## - DEWEY DECIMAL CLASSIFICATION NUMBER
Classification number 500.2HEW 2008.
100 ## - MAIN ENTRY--PERSONAL NAME
Personal name Hewitt,G.Paul;Suchocki,John;Hewitt,A.Leslie;
9 (RLIN) 11264
245 ## - TITLE STATEMENT
Title Conceptual Physical science;
250 ## - EDITION STATEMENT
Edition statement 4th ed.
300 ## - PHYSICAL DESCRIPTION
Extent xix,770p;
Other physical details col,ill;
Dimensions 27cm.
504 ## - BIBLIOGRAPHY, ETC. NOTE
Bibliography, etc includes glossary and index.
650 ## - SUBJECT ADDED ENTRY--TOPICAL TERM
Topical term or geographic name as entry element Physical science.
9 (RLIN) 11265
942 ## - ADDED ENTRY ELEMENTS (KOHA)
Source of classification or shelving scheme Dewey Decimal Classification
Koha item type Open Shelf
Holdings
Withdrawn status Lost status Source of classification or shelving scheme Damaged status Not for loan Home library Current library Date acquired Source of acquisition Inventory number Total Checkouts Full call number Barcode Date last seen Price effective from Koha item type
    Dewey Decimal Classification     MUST Main Library MUST Main Library 04/11/2016   11/35329   500.2HEW 2008. 2016-4899 04/11/2016 04/11/2016 Open Shelf